000 00386 a2200157 4500
001 180297
020 _a
040 _cMagnum
100 _aCalmon, Pedro
240 1 0 _aHistoria do brasil/v.5/jose olympio/sec. 19
_lpor
245 1 0 _aHistoria do brasil/v.5/jose olympio/sec. 19
362 0 _a1899
440 1 _aJosé Olympio
697 _aMAGNITO: HISTORIA DO BRASIL
942 _cBK
999 _c180297
_d180297